00982nam a2200277 a 4500001001500000003000900015005001700024008004100041040002800082041000800110050002300118245007300141246001900214260004400233300001700277500002900294526000800323590003500331650004100366650002800407700003100435710002800466942001200494952018100506999001700687BD-DhNSU-30973BD-DhNSU20260422125833.0260422s1989 bg ||||g vw|| 001 0|eng d aDLCcBD-DhNSUdBD-DhNSU aeng00aKNG19b.A2B36 198900aBangladesh legal decisions ,nVol. 9 /cedited by Shahabuddin Ahmad. aBLDbVolume IX aDhaka :bBangladesh Bar Council,c1989. avp ;c25 cm. aDec- 89 Reg. No. AD. 513 aLaw aSumaiya Kainat Bintey Kohinoor 0aLaw reports digests etczBangladesh. 4aLaw reports digests etc1 aAhmad, Shahabuddineeditor aBangladesh Bar Council. 2lcccBK 00102lcc40718REFaLCRbLCRcGENd2026-04-08eKarim InternationalfBDTg1116.00hvol-9iKI/NSU/L-77/25-26l0oKNG19.A2B36 1989p49260r2026-04-22 12:59:29t1w2026-03-09yBK c30973d30973